000 00676nam a2200193 4500
001 135760
003 ES-MaACL
005 20230906194942.0
007 t|
008 070214s1922 sp r ||||1| spa d
100 1 _aRuiz Albéniz, Víctor,
_d1885-1954
_9100638
245 1 0 _aEcce Homo
_b: prueba documental y aportes inéditos sobre las causas del derrumbamiento y consecuencias de él /
_cVíctor Ruiz Albéniz.
260 _aMadrid :
_bRivadeneyra,
_c1922.
300 _a540 p. ;
_c20 x 13 cm.
490 1 _aLas responsabilidades del Desastre
830 0 _aLas responsabilidades del Desastre
_9219946
852 _aES-MaACL
_jF-5126
999 _c135760
_d135760